[Event "Silkway Cup"]
[Site "T#646345FIDE"]
[Date "2020.05.28"]
[Round "11"]
[White "Chepaschess"]
[Black "SuleymanliAydin1"]
[Result "1/2-1/2"]
[WhiteElo "2139"]
[BlackElo "2188"]
[Annotator "NA"]
[PlyCount "168"]
[EventDate "2020.05.28"]
[EventType "swiss (blitz)"]

1. Nf3 {[%emt 0:00:02]} d5 {[%emt 0:00:02]} 2. d4 {[%emt 0:00:02]} Bf5 {[%emt 0:00:04]} 3. c4 {[%emt 0:00:01]} e6 {[%emt 0:00:01]} 4. Nc3 {[%emt 0:00:01]} c6 {[%emt 0:00:01]} 5. Qb3 {[%emt 0:00:04]} Qb6 {[%emt 0:00:08]} 6. c5 {[%emt 0:00:02]} Qc7 {[%emt 0:00:01]} 7. Bf4 {[%emt 0:00:14]} Qc8 {[%emt 0:00:01]} 8. Nh4 {[%emt 0:00:08]} Bg6 {[%emt 0:00:16]} 9. Nxg6 {[%emt 0:00:07]} hxg6 {[%emt 0:00:00]} 10. e4 {[%emt 0:00:11]} Nf6 {[%emt 0:00:12]} 11. exd5 {[%emt 0:00:09]} exd5 {[%emt 0:00:06]} 12. Bd3 {[%emt 0:00:07]} Be7 {[%emt 0:00:03]} 13. O-O {[%emt 0:00:16]} O-O {[%emt 0:00:02]} 14. Rfe1 {[%emt 0:00:03]} Re8 {[%emt 0:00:01]} 15. h3 {[%emt 0:00:12]} Nbd7 {[%emt 0:00:04]} 16. Qc2 {[%emt 0:00:02]} Nf8 {[%emt 0:00:01]} 17. b4 {[%emt 0:00:01]} Ne6 {[%emt 0:00:01]} 18. Be3 {[%emt 0:00:03]} a5 {[%emt 0:00:03]} 19. b5 {[%emt 0:00:15]} Bxc5 {[%emt 0:00:22]} 20. dxc5 {[%emt 0:00:03]} d4 {[%emt 0:00:01]} 21. Na4 {[%emt 0:00:21]} dxe3 {[%emt 0:00:01]} 22. Nb6 {[%emt 0:00:01]} Qd8 {[%emt 0:00:26]} 23. Rad1 {[%emt 0:00:29]} Nd4 {[%emt 0:00:52]} 24. Qb2 {[%emt 0:00:22]} e2 {[%emt 0:00:28]} 25. Rd2 {[%emt 0:00:01]} Nh5 {[%emt 0:00:26]} 26. Bxe2 {[%emt 0:00:02]} Rxe2 {[%emt 0:00:05]} 27. Rdxe2 {[%emt 0:00:11]} Nxe2+ {[%emt 0:00:00]} 28. Qxe2 {[%emt 0:00:03]} Rb8 {[%emt 0:00:01]} 29. bxc6 {[%emt 0:00:07]} bxc6 {[%emt 0:00:00]} 30. Qe4 {[%emt 0:00:02]} Qd2 {[%emt 0:00:02]} 31. Qe2 {[%emt 0:00:04]} Qd4 {[%emt 0:00:04]} 32. Qe5 {[%emt 0:00:02]} Rd8 {[%emt 0:00:03]} 33. Qxd4 {[%emt 0:00:01]} Rxd4 {[%emt 0:00:00]} 34. Re8+ {[%emt 0:00:01]} Kh7 {[%emt 0:00:01]} 35. Rc8 {[%emt 0:00:00]} Rd1+ {[%emt 0:00:01]} 36. Kh2 {[%emt 0:00:00]} Rd2 {[%emt 0:00:01]} 37. Rxc6 {[%emt 0:00:06]} Rxf2 {[%emt 0:00:01]} 38. Rc8 {[%emt 0:00:03]} Rxa2 {[%emt 0:00:03]} 39. c6 {[%emt 0:00:01]} Rc2 {[%emt 0:00:01]} 40. c7 {[%emt 0:00:01]} Nf6 {[%emt 0:00:01]} 41. Na8 {[%emt 0:00:03]} Nd5 {[%emt 0:00:02]} 42. Rd8 {[%emt 0:00:04]} Nxc7 {[%emt 0:00:01]} 43. Rc8 {[%emt 0:00:01]} Nxa8 {[%emt 0:00:08]} 44. Rxc2 {[%emt 0:00:01]} Nb6 {[%emt 0:00:00]} 45. Rc6 {[%emt 0:00:01]} Nd7 {[%emt 0:00:03]} 46. Ra6 {[%emt 0:00:04]} Ne5 {[%emt 0:00:01]} 47. Rxa5 {[%emt 0:00:01]} f6 {[%emt 0:00:01]} 48. h4 {[%emt 0:00:01]} Kh6 {[%emt 0:00:02]} 49. Ra8 {[%emt 0:00:04]} g5 {[%emt 0:00:01]} 50. Rh8+ {[%emt 0:00:02]} Kg6 {[%emt 0:00:01]} 51. h5+ {[%emt 0:00:01]} Kf7 {[%emt 0:00:06]} 52. Kg3 {[%emt 0:00:01]} f5 {[%emt 0:00:01]} 53. Ra8 {[%emt 0:00:01]} f4+ {[%emt 0:00:01]} 54. Kh3 {[%emt 0:00:03]} Kf6 {[%emt 0:00:00]} 55. Rf8+ {[%emt 0:00:03]} Ke6 {[%emt 0:00:04]} 56. g3 {[%emt 0:00:05]} g4+ {[%emt 0:00:01]} 57. Kg2 {[%emt 0:00:03]} f3+ {[%emt 0:00:01]} 58. Kf2 {[%emt 0:00:01]} Nf7 {[%emt 0:00:01]} 59. Ra8 {[%emt 0:00:05]} Kf6 {[%emt 0:00:02]} 60. Ra4 {[%emt 0:00:04]} Nh6 {[%emt 0:00:06]} 61. Ra6+ {[%emt 0:00:03]} Kg5 {[%emt 0:00:03]} 62. Rg6+ {[%emt 0:00:02]} Kxh5 {[%emt 0:00:00]} 63. Rxg7 {[%emt 0:00:00]} Nf5 {[%emt 0:00:00]} 64. Rg8 {[%emt 0:00:02]} Nh6 {[%emt 0:00:01]} 65. Rg7 {[%emt 0:00:02]} Nf5 {[%emt 0:00:01]} 66. Rg8 {[%emt 0:00:01]} Nh6 {[%emt 0:00:02]} 67. Ra8 {[%emt 0:00:01]} Nf5 {[%emt 0:00:03]} 68. Rh8+ {[%emt 0:00:02]} Kg5 {[%emt 0:00:02]} 69. Rg8+ {[%emt 0:00:01]} Kh5 {[%emt 0:00:01] SuleymanliAydin1 offers a draw} 70. Rb8 {[%emt 0:00:07]} Kg5 {[%emt 0:00:03]} 71. Rb4 {[%emt 0:00:01]} Nh6 {[%emt 0:00:01]} 72. Rb5+ {[%emt 0:00:04]} Nf5 {[%emt 0:00:01]} 73. Ra5 {[%emt 0:00:00]} Kg6 {[%emt 0:00:01]} 74. Ra4 {[%emt 0:00:01]} Kg5 {[%emt 0:00:01]} 75. Rf4 {[%emt 0:00:00]} Nd6 {[%emt 0:00:06]} 76. Rd4 {[%emt 0:00:08]} Nf5 {[%emt 0:00:01]} 77. Rd8 {[%emt 0:00:02]} Kh5 {[%emt 0:00:02]} 78. Rf8 {[%emt 0:00:02]} Kg5 {[%emt 0:00:01]} 79. Rf7 {[%emt 0:00:01]} Kg6 {[%emt 0:00:02]} 80. Rc7 {[%emt 0:00:02]} Kg5 {[%emt 0:00:01]} 81. Rc3 {[%emt 0:00:01]} Nd6 {[%emt 0:00:05]} 82. Rxf3 {[%emt 0:00:01]} Ne4+ {[%emt 0:00:04]} 83. Kg2 {[%emt 0:00:01]} gxf3+ {[%emt 0:00:00]} 84. Kxf3 {[%emt 0:00:01]} Nxg3 {[%emt 0:00:00] (Lag: Av=0.96s, max=1.4s)} 1/2-1/2

[Event "Silkway Cup"]
[Site "T#646345FIDE"]
[Date "2020.05.28"]
[Round "11"]
[White "VugarAsadli"]
[Black "Shak"]
[Result "1/2-1/2"]
[WhiteElo "2139"]
[BlackElo "2240"]
[PlyCount "61"]
[EventDate "2020.05.28"]
[EventType "swiss (blitz)"]

1. e4 {[%emt 0:00:03]} e5 {[%emt 0:00:01]} 2. Nf3 {[%emt 0:00:02]} Nc6 {[%emt 0:00:03]} 3. Bc4 {[%emt 0:00:01]} Bc5 {[%emt 0:00:03]} 4. c3 {[%emt 0:00:01]} Nf6 {[%emt 0:00:01]} 5. d3 {[%emt 0:00:05]} a6 {[%emt 0:00:02]} 6. O-O {[%emt 0:00:02]} d6 {[%emt 0:00:04]} 7. Bb3 {[%emt 0:00:01]} h6 {[%emt 0:00:05]} 8. Be3 {[%emt 0:00:02]} O-O {[%emt 0:00:15]} 9. Nbd2 {[%emt 0:00:02]} Re8 {[%emt 0:00:14]} 10. h3 {[%emt 0:00:06]} Ba7 {[%emt 0:00:10]} 11. Bc2 {[%emt 0:00:03]} Ne7 {[%emt 0:00:02]} 12. d4 {[%emt 0:00:02]} Ng6 {[%emt 0:00:02]} 13. Re1 {[%emt 0:00:27]} Be6 {[%emt 0:00:16]} 14. Nf1 {[%emt 0:00:05]} Qc8 {[%emt 0:00:14]} 15. Ng3 {[%emt 0:00:01]} b5 {[%emt 0:00:18]} 16. Qd2 {[%emt 0:00:03]} Kh7 {[%emt 0:00:08]} 17. b4 {[%emt 0:00:10]} Qb7 {[%emt 0:00:10]} 18. a4 {[%emt 0:00:10]} Bb6 {[%emt 0:00:08]} 19. a5 {[%emt 0:00:12]} Ba7 {[%emt 0:00:01]} 20. Rad1 {[%emt 0:00:07]} Rad8 {[%emt 0:00:40]} 21. dxe5 {[%emt 0:00:36]} dxe5 {[%emt 0:00:01]} 22. Qxd8 {[%emt 0:00:01]} Rxd8 {[%emt 0:00:00]} 23. Rxd8 {[%emt 0:00:00]} Bxe3 {[%emt 0:00:01]} 24. Rxe3 {[%emt 0:00:01]} c5 {[%emt 0:00:01]} 25. bxc5 {[%emt 0:00:15]} Qc7 {[%emt 0:00:01]} 26. Rd6 {[%emt 0:00:02]} Qxc5 {[%emt 0:00:07]} 27. Rxa6 {[%emt 0:00:01]} b4 {[%emt 0:00:01]} 28. Rb6 {[%emt 0:00:20] VugarAsadli offers a draw} bxc3 {[%emt 0:00:09]} 29. Ne2 {[%emt 0:00:01]} Qxa5 {[%emt 0:00:02]} 30. Rc6 {[%emt 0:00:03]} Qa1+ {[%emt 0:00:16]} 31. Kh2 {[%emt 0:00:01] Shak offers a draw (Lag: Av=0.58s, max=0.9s)} 1/2-1/2

[Event "Silkway Cup"]
[Site "T#646345FIDE"]
[Date "2020.05.28"]
[Round "11"]
[White "Kranke07"]
[Black "GGuseinov"]
[Result "0-1"]
[WhiteElo "2092"]
[BlackElo "2874"]
[Annotator "NA"]
[PlyCount "66"]
[EventDate "2020.05.28"]
[EventType "swiss (blitz)"]

1. e4 {[%emt 0:00:01]} c5 {[%emt 0:00:01]} 2. Nf3 {[%emt 0:00:02]} g6 {[%emt 0:00:01]} 3. g3 {[%emt 0:00:10]} Bg7 {[%emt 0:00:02]} 4. Bg2 {[%emt 0:00:00]} Nc6 {[%emt 0:00:01]} 5. O-O {[%emt 0:00:00]} Nf6 {[%emt 0:00:01]} 6. Re1 {[%emt 0:00:01]} O-O {[%emt 0:00:03]} 7. Nc3 {[%emt 0:00:08]} d6 {[%emt 0:00:03]} 8. d3 {[%emt 0:00:06]} e5 {[%emt 0:00:09]} 9. h3 {[%emt 0:00:13]} h6 {[%emt 0:00:05]} 10. Be3 {[%emt 0:00:07]} Be6 {[%emt 0:00:01]} 11. Qd2 {[%emt 0:00:01]} Kh7 {[%emt 0:00:01]} 12. Ne2 {[%emt 0:00:19]} Qd7 {[%emt 0:00:15]} 13. g4 {[%emt 0:00:03]} d5 {[%emt 0:00:11]} 14. exd5 {[%emt 0:00:04]} Nxd5 {[%emt 0:00:00]} 15. Bxc5 {[%emt 0:00:05]} Rfe8 {[%emt 0:00:04]} 16. c4 {[%emt 0:00:05]} Nf6 {[%emt 0:00:15]} 17. Ng3 {[%emt 0:00:04]} Rad8 {[%emt 0:00:01]} 18. Rad1 {[%emt 0:00:02]} b6 {[%emt 0:00:08]} 19. Ba3 {[%emt 0:00:04]} Qc7 {[%emt 0:00:09]} 20. b3 {[%emt 0:00:05]} a5 {[%emt 0:00:06]} 21. Bb2 {[%emt 0:00:04]} Nd7 {[%emt 0:00:05]} 22. Qe2 {[%emt 0:00:22]} Nc5 {[%emt 0:00:06]} 23. Ne4 {[%emt 0:00:05]} Bc8 {[%emt 0:00:13]} 24. g5 {[%emt 0:00:12]} Ne6 {[%emt 0:00:09]} 25. gxh6 {[%emt 0:00:05]} Nf4 {[%emt 0:00:06]} 26. Nfg5+ {[%emt 0:00:08]} Kxh6 {[%emt 0:00:05]} 27. Qe3 {[%emt 0:00:43]} f6 {[%emt 0:00:01]} 28. Qg3 {[%emt 0:00:09]} fxg5 {[%emt 0:00:08]} 29. Nxg5 {[%emt 0:00:00]} Bf6 {[%emt 0:00:08]} 30. Qh4+ {[%emt 0:00:01]} Nh5 {[%emt 0:00:02]} 31. Bc1 {[%emt 0:00:04]} Kg7 {[%emt 0:00:01]} 32. Bd5 {[%emt 0:00:14]} Nd4 {[%emt 0:00:05]} 33. f4 {[%emt 0:00:01]} Rxd5 {[%emt 0:00:03] Kranke07 resigns (Lag: Av=0.91s, max=1.3s)} 0-1

[Event "Silkway Cup"]
[Site "T#646345FIDE"]
[Date "2020.05.28"]
[Round "11"]
[White "Gul91"]
[Black "Gaguna"]
[Result "1-0"]
[WhiteElo "2027"]
[BlackElo "1916"]
[Annotator "NA"]
[PlyCount "55"]
[EventDate "2020.05.28"]
[EventType "swiss (blitz)"]

1. e4 {[%emt 0:00:02]} e5 {[%emt 0:00:04]} 2. Nf3 {[%emt 0:00:02]} Nc6 {[%emt 0:00:02]} 3. Bc4 {[%emt 0:00:02]} Bc5 {[%emt 0:00:02]} 4. d3 {[%emt 0:00:02]} d6 {[%emt 0:00:02]} 5. c3 {[%emt 0:00:06]} Nf6 {[%emt 0:00:03]} 6. O-O {[%emt 0:00:04]} O-O {[%emt 0:00:08]} 7. a4 {[%emt 0:00:02]} a6 {[%emt 0:00:04]} 8. Bg5 {[%emt 0:00:02]} h6 {[%emt 0:00:02]} 9. Bh4 {[%emt 0:00:01]} g5 {[%emt 0:00:02]} 10. Bg3 {[%emt 0:00:01]} g4 {[%emt 0:00:03]} 11. Bh4 {[%emt 0:00:08]} gxf3 {[%emt 0:00:02]} 12. Qxf3 {[%emt 0:00:01]} Kg7 {[%emt 0:00:01]} 13. Nd2 {[%emt 0:00:02]} Qe7 {[%emt 0:00:16]} 14. Kh1 {[%emt 0:00:05]} Be6 {[%emt 0:00:10]} 15. Rg1 {[%emt 0:00:23]} Bxc4 {[%emt 0:00:07]} 16. Nxc4 {[%emt 0:00:01]} Qe6 {[%emt 0:00:01]} 17. g4 {[%emt 0:00:11]} Nh7 {[%emt 0:00:02]} 18. g5 {[%emt 0:00:13]} hxg5 {[%emt 0:00:02]} 19. Bxg5 {[%emt 0:00:01]} Kh8 {[%emt 0:00:01]} 20. Rg3 {[%emt 0:00:16]} Rg8 {[%emt 0:00:02]} 21. Rag1 {[%emt 0:00:03]} f6 {[%emt 0:00:14]} 22. Bh6 {[%emt 0:00:52]} Ne7 {[%emt 0:01:24] '} 23. Bg7+ {[%emt 0:00:07]} Rxg7 {[%emt 0:00:01]} 24. Rxg7 {[%emt 0:00:01]} Ng5 {[%emt 0:00:22]} 25. R7xg5 {[%emt 0:00:17]} fxg5 {[%emt 0:00:01]} 26. Rxg5 {[%emt 0:00:04]} Ng8 {[%emt 0:00:08]} 27. Qh5+ {[%emt 0:00:04]} Qh6 {[%emt 0:00:02]} 28. Rxg8+ {[%emt 0:00:01] Gaguna resigns (Lag: Av=0.93s, max=2.5s)} 1-0

[Event "Silkway Cup"]
[Site "T#646345FIDE"]
[Date "2020.05.28"]
[Round "11"]
[White "Mammadzada"]
[Black "Misi_95"]
[Result "1-0"]
[WhiteElo "1983"]
[BlackElo "1896"]
[Annotator "NA"]
[PlyCount "77"]
[EventDate "2020.05.28"]
[EventType "swiss (blitz)"]

1. d4 {[%emt 0:00:05]} e6 {[%emt 0:00:02]} 2. c4 {[%emt 0:00:02]} b6 {[%emt 0:00:01]} 3. e4 {[%emt 0:00:03]} Bb7 {[%emt 0:00:01]} 4. Bd3 {[%emt 0:00:01]} Bb4+ {[%emt 0:00:01]} 5. Bd2 {[%emt 0:00:17]} Be7 {[%emt 0:00:09]} 6. Nc3 {[%emt 0:00:09]} d6 {[%emt 0:00:16]} 7. Nge2 {[%emt 0:00:22]} Bf6 {[%emt 0:00:12]} 8. O-O {[%emt 0:00:03]} Nd7 {[%emt 0:00:04]} 9. f4 {[%emt 0:00:03]} e5 {[%emt 0:00:13]} 10. fxe5 {[%emt 0:00:23]} dxe5 {[%emt 0:00:01]} 11. d5 {[%emt 0:00:00]} Ne7 {[%emt 0:00:20]} 12. Ng3 {[%emt 0:00:03]} g6 {[%emt 0:00:58]} 13. c5 {[%emt 0:00:49]} bxc5 {[%emt 0:00:11]} 14. Bh6 {[%emt 0:00:02]} Ng8 {[%emt 0:00:02]} 15. Be3 {[%emt 0:00:06]} h5 {[%emt 0:00:21]} 16. Bb5 {[%emt 0:00:07]} Kf8 {[%emt 0:00:20]} 17. Na4 {[%emt 0:00:12]} Bc8 {[%emt 0:00:13]} 18. Nxc5 {[%emt 0:00:08]} Kg7 {[%emt 0:00:03]} 19. Qc2 {[%emt 0:00:13]} h4 {[%emt 0:00:06]} 20. Ne2 {[%emt 0:00:03]} Rb8 {[%emt 0:00:03]} 21. a4 {[%emt 0:00:04]} Nh6 {[%emt 0:00:04]} 22. h3 {[%emt 0:00:13]} Bg5 {[%emt 0:00:01]} 23. Bxg5 {[%emt 0:00:05]} Qxg5 {[%emt 0:00:00]} 24. Bxd7 {[%emt 0:00:06]} Bxd7 {[%emt 0:00:04]} 25. Nxd7 {[%emt 0:00:01]} Rb4 {[%emt 0:00:01]} 26. Qxc7 {[%emt 0:00:08]} Rxe4 {[%emt 0:00:03]} 27. Nc3 {[%emt 0:00:03]} Re3 {[%emt 0:00:01]} 28. Nc5 {[%emt 0:00:01]} Nf5 {[%emt 0:00:01]} 29. Ne6+ {[%emt 0:00:01]} Kf6 {[%emt 0:00:01]} 30. Nxg5 {[%emt 0:00:02]} Kxg5 {[%emt 0:00:00]} 31. Rxf5+ {[%emt 0:00:02]} gxf5 {[%emt 0:00:02]} 32. Qxf7 {[%emt 0:00:00]} Rh6 {[%emt 0:00:01]} 33. Rf1 {[%emt 0:00:03]} f4 {[%emt 0:00:01]} 34. Qg7+ {[%emt 0:00:01]} Rg6 {[%emt 0:00:01]} 35. Qe7+ {[%emt 0:00:00]} Kh5 {[%emt 0:00:02]} 36. d6 {[%emt 0:00:00]} f3 {[%emt 0:00:01]} 37. Qh7+ {[%emt 0:00:03]} Kg5 {[%emt 0:00:01]} 38. d7 {[%emt 0:00:03]} fxg2 {[%emt 0:00:01]} 39. d8=Q+ {[%emt 0:00:02] Misi_95 terk eder (Lag: Av=0.48s, max=1.2s)} 1-0

[Event "Silkway Cup"]
[Site "T#646345FIDE"]
[Date "2020.05.28"]
[Round "11"]
[White "Nanadzagnidze"]
[Black "NikaVolkov"]
[Result "1/2-1/2"]
[WhiteElo "1944"]
[BlackElo "1924"]
[Annotator "NA"]
[PlyCount "138"]
[EventDate "2020.05.28"]
[EventType "swiss (blitz)"]

1. c4 {[%emt 0:00:02]} e6 {[%emt 0:00:01]} 2. e3 {[%emt 0:00:02]} d5 {[%emt 0:00:01]} 3. Nc3 {[%emt 0:00:02]} Nf6 {[%emt 0:00:01]} 4. Nf3 {[%emt 0:00:02]} Be7 {[%emt 0:00:01]} 5. b3 {[%emt 0:00:02]} O-O {[%emt 0:00:01]} 6. Bb2 {[%emt 0:00:01]} c5 {[%emt 0:00:00]} 7. cxd5 {[%emt 0:00:03]} exd5 {[%emt 0:00:01]} 8. d4 {[%emt 0:00:01]} Nc6 {[%emt 0:00:01]} 9. Be2 {[%emt 0:00:03]} Be6 {[%emt 0:00:01]} 10. O-O {[%emt 0:00:02]} Rc8 {[%emt 0:00:02]} 11. dxc5 {[%emt 0:00:09]} Bxc5 {[%emt 0:00:00]} 12. Na4 {[%emt 0:00:01]} Be7 {[%emt 0:00:01]} 13. Rc1 {[%emt 0:00:05]} Ne4 {[%emt 0:00:03]} 14. Nd4 {[%emt 0:00:09]} Qa5 {[%emt 0:00:30]} 15. Nxe6 {[%emt 0:00:09]} fxe6 {[%emt 0:00:00]} 16. Bg4 {[%emt 0:00:02]} Kf7 {[%emt 0:00:17]} 17. Bh3 {[%emt 0:00:12]} Ng5 {[%emt 0:01:09]} 18. Qh5+ {[%emt 0:00:36]} Kg8 {[%emt 0:00:27]} 19. f4 {[%emt 0:00:35]} Nxh3+ {[%emt 0:00:01]} 20. Qxh3 {[%emt 0:00:02]} Rf5 {[%emt 0:00:01]} 21. Qg4 {[%emt 0:00:10]} Bf8 {[%emt 0:00:28]} 22. Bc3 {[%emt 0:00:37]} Qd8 {[%emt 0:00:11]} 23. Nc5 {[%emt 0:00:10]} Qe7 {[%emt 0:00:03]} 24. Nd3 {[%emt 0:00:05]} Qf7 {[%emt 0:00:05]} 25. Ne5 {[%emt 0:00:04]} Nxe5 {[%emt 0:00:04]} 26. Bxe5 {[%emt 0:00:01]} Qd7 {[%emt 0:00:02]} 27. Qe2 {[%emt 0:00:07]} Bc5 {[%emt 0:00:04]} 28. Rc3 {[%emt 0:00:08]} Bb4 {[%emt 0:00:11]} 29. Rc2 {[%emt 0:00:03]} Ba3 {[%emt 0:00:04]} 30. e4 {[%emt 0:00:06]} dxe4 {[%emt 0:00:02]} 31. Qxe4 {[%emt 0:00:01]} Rf7 {[%emt 0:00:01]} 32. Rxc8+ {[%emt 0:00:03]} Qxc8 {[%emt 0:00:00]} 33. h3 {[%emt 0:00:02]} Rd7 {[%emt 0:00:01]} 34. f5 {[%emt 0:00:01]} exf5 {[%emt 0:00:07]} 35. Qxf5 {[%emt 0:00:01]} Qe8 {[%emt 0:00:01]} 36. Kh1 {[%emt 0:00:01]} Rf7 {[%emt 0:00:02]} 37. Qxf7+ {[%emt 0:00:02]} Qxf7 {[%emt 0:00:00]} 38. Rxf7 {[%emt 0:00:01]} Kxf7 {[%emt 0:00:00]} 39. g4 {[%emt 0:00:01]} g6 {[%emt 0:00:01]} 40. Kg2 {[%emt 0:00:01]} Ke6 {[%emt 0:00:00]} 41. Bd4 {[%emt 0:00:01]} a5 {[%emt 0:00:03]} 42. Kf3 {[%emt 0:00:01]} Kd5 {[%emt 0:00:00]} 43. Bc3 {[%emt 0:00:01]} b6 {[%emt 0:00:04]} 44. Kf4 {[%emt 0:00:02]} Bc1+ {[%emt 0:00:01]} 45. Kf3 {[%emt 0:00:01]} Bg5 {[%emt 0:00:01]} 46. Be1 {[%emt 0:00:03]} Bh6 {[%emt 0:00:04]} 47. Bg3 {[%emt 0:00:02]} b5 {[%emt 0:00:03]} 48. Be1 {[%emt 0:00:04]} a4 {[%emt 0:00:01]} 49. Bf2 {[%emt 0:00:02]} Bg7 {[%emt 0:00:02]} 50. h4 {[%emt 0:00:02]} Bd4 {[%emt 0:00:04]} 51. Be1 {[%emt 0:00:02]} Bf6 {[%emt 0:00:02]} 52. Bf2 {[%emt 0:00:01]} Be5 {[%emt 0:00:05]} 53. h5 {[%emt 0:00:03]} gxh5 {[%emt 0:00:01]} 54. gxh5 {[%emt 0:00:01]} Bf6 {[%emt 0:00:01]} 55. Kf4 {[%emt 0:00:02]} Bc3 {[%emt 0:00:08]} 56. Kf5 {[%emt 0:00:02]} Bd2 {[%emt 0:00:01]} 57. Kf6 {[%emt 0:00:02]} Ke4 {[%emt 0:00:03]} 58. Kg7 {[%emt 0:00:01]} h6 {[%emt 0:00:00]} 59. Kg6 {[%emt 0:00:01]} Kd3 {[%emt 0:00:01]} 60. Bc5 {[%emt 0:00:05]} Kc2 {[%emt 0:00:02]} 61. bxa4 {[%emt 0:00:03]} bxa4 {[%emt 0:00:01]} 62. Bf8 {[%emt 0:00:01]} Kb2 {[%emt 0:00:02]} 63. Bxh6 {[%emt 0:00:01]} Bxh6 {[%emt 0:00:07]} 64. Kxh6 {[%emt 0:00:01]} Kxa2 {[%emt 0:00:00]} 65. Kg5 {[%emt 0:00:01]} a3 {[%emt 0:00:00]} 66. h6 {[%emt 0:00:01]} Kb1 {[%emt 0:00:00]} 67. h7 {[%emt 0:00:01]} a2 {[%emt 0:00:00]} 68. h8=Q {[%emt 0:00:01]} a1=Q {[%emt 0:00:00]} 69. Qxa1+ {[%emt 0:00:02]} Kxa1 {[%emt 0:00:00] (Lag: Av=1.17s, max=2.2s)} 1/2-1/2

[Event "Silkway Cup"]
[Site "T#646345FIDE"]
[Date "2020.05.28"]
[Round "11"]
[White "Profi013"]
[Black "T-sanikidze"]
[Result "1/2-1/2"]
[WhiteElo "1846"]
[BlackElo "2719"]
[Annotator "NA"]
[PlyCount "103"]
[EventDate "2020.05.28"]
[EventType "swiss (blitz)"]

1. e4 {[%emt 0:00:02]} e5 {[%emt 0:00:16]} 2. Nf3 {[%emt 0:00:01]} Nc6 {[%emt 0:00:02]} 3. Bb5 {[%emt 0:00:01]} a6 {[%emt 0:00:01]} 4. Ba4 {[%emt 0:00:01]} Nge7 {[%emt 0:00:01]} 5. O-O {[%emt 0:00:01]} g6 {[%emt 0:00:01]} 6. d4 {[%emt 0:00:01]} exd4 {[%emt 0:00:01]} 7. Nxd4 {[%emt 0:00:01]} Bg7 {[%emt 0:00:01]} 8. Nxc6 {[%emt 0:00:05]} bxc6 {[%emt 0:00:15]} 9. c4 {[%emt 0:00:09]} O-O {[%emt 0:00:02]} 10. Nc3 {[%emt 0:00:01]} d6 {[%emt 0:00:01]} 11. Be3 {[%emt 0:00:04]} Rb8 {[%emt 0:00:06]} 12. Qd2 {[%emt 0:00:03]} c5 {[%emt 0:00:02]} 13. Rfe1 {[%emt 0:00:34]} Be6 {[%emt 0:00:13]} 14. b3 {[%emt 0:00:07]} f5 {[%emt 0:00:30]} 15. Rac1 {[%emt 0:00:02]} fxe4 {[%emt 0:00:19]} 16. Nxe4 {[%emt 0:00:04]} Nf5 {[%emt 0:00:01]} 17. Ng5 {[%emt 0:00:21]} Bf7 {[%emt 0:00:20]} 18. Nxf7 {[%emt 0:00:11]} Rxf7 {[%emt 0:00:00]} 19. Bg5 {[%emt 0:00:02]} Qc8 {[%emt 0:00:04]} 20. Bc6 {[%emt 0:00:16]} Rf8 {[%emt 0:00:09]} 21. Bd5+ {[%emt 0:00:08]} Kh8 {[%emt 0:00:02]} 22. Be6 {[%emt 0:00:01]} Qb7 {[%emt 0:00:03]} 23. Bxf5 {[%emt 0:00:10]} Rxf5 {[%emt 0:00:00]} 24. Re7 {[%emt 0:00:02]} Rbf8 {[%emt 0:00:11]} 25. Bh6 {[%emt 0:00:18]} R5f7 {[%emt 0:00:14]} 26. Bxg7+ {[%emt 0:00:15]} Kxg7 {[%emt 0:00:00]} 27. Rce1 {[%emt 0:00:02]} Qb4 {[%emt 0:00:08]} 28. Qb2+ {[%emt 0:00:11]} Kg8 {[%emt 0:00:01]} 29. R1e2 {[%emt 0:00:01]} Qb8 {[%emt 0:00:29]} 30. Qd2 {[%emt 0:00:10]} Qd8 {[%emt 0:00:06]} 31. Rxf7 {[%emt 0:00:10]} Rxf7 {[%emt 0:00:04]} 32. g3 {[%emt 0:00:02]} Qf6 {[%emt 0:00:07]} 33. h4 {[%emt 0:00:02]} Kg7 {[%emt 0:00:02]} 34. Qe1 {[%emt 0:00:07]} h5 {[%emt 0:00:04]} 35. Re6 {[%emt 0:00:03]} Qd4 {[%emt 0:00:01]} 36. Qe2 {[%emt 0:00:06]} Rf6 {[%emt 0:00:03]} 37. Re7+ {[%emt 0:00:01]} Rf7 {[%emt 0:00:01]} 38. Re6 {[%emt 0:00:03]} Rf6 {[%emt 0:00:01]} 39. Re8 {[%emt 0:00:01]} Rf7 {[%emt 0:00:04]} 40. Kg2 {[%emt 0:00:01]} a5 {[%emt 0:00:02]} 41. f3 {[%emt 0:00:02]} Qf6 {[%emt 0:00:09]} 42. Re6 {[%emt 0:00:02]} Qf5 {[%emt 0:00:01]} 43. Re8 {[%emt 0:00:03]} Qf6 {[%emt 0:00:02]} 44. Re3 {[%emt 0:00:07]} Qf5 {[%emt 0:00:01]} 45. Re6 {[%emt 0:00:01]} Kh7 {[%emt 0:00:02]} 46. Re8 {[%emt 0:00:02]} Kg7 {[%emt 0:00:01]} 47. Re7 {[%emt 0:00:01]} Qf6 {[%emt 0:00:01]} 48. Re6 {[%emt 0:00:02]} Qf5 {[%emt 0:00:01]} 49. Re4 {[%emt 0:00:01]} Qf6 {[%emt 0:00:04]} 50. Rf4 {[%emt 0:00:01]} Qc3 {[%emt 0:00:01]} 51. Re4 {[%emt 0:00:02]} Qf6 {[%emt 0:00:01]} 52. Re6 {[%emt 0:00:01] Threefold Rep} 1/2-1/2